00762nam a22002057a 450000500170000000800410001702000220005808200220008010000330010224501820013525000120031726000480032930000210037750400200039854100090041865000280042765000370045570000290049270000350052120230131032200.0230131b |||||||| |||| 00| 0 eng d a978-1-6289-2972-0 a646.408 L718 2016 aLiechty, Elizabeth eauthor  aFitting a pattern alteration:ba multi-method approach to the art of style selection, fitting, and alteration /cElizabeth Liechty, Judith Racband, Della Potterberg-Steineckert  a3rd ed. aNew York:bBloomsberry Publishing, cc2016. axi, 484p.;bill. aIncludes index  e5863 aDressmaking - Patterns  aClothing and dress - Alterations aRacband, Juditheauthor  aSteineckert, Della P.eauthor